00438pab a2200145 454500008004000000100001700040245010400057260000900161300001400170362000800184650003000192650002100222700002000243773002900263180718b2006 xxu||||| |||| 00| 0 eng d aBulut, Yakup aRepresentatives and attitudes of municipal council members in Turkey: the case of Erzincan province c2006 ap.413-28. aAug aLocal government - Turkey aLocal government aTaniyici, Saban aLocal Government Studies